000 01013nam a22003137a 4500
001 BR0501957
003 BR-BrBNA
005 20230928101904.0
007 ta
008 230509b bl.||||| |||| 00| 0 por d
040 _aBR-BrBNA
_bpor
_cBiblioteca Nacional de Agricultura
041 _a(Por)
072 _aN20; U10; C30
_b4510
090 _ 4510 BR0501957
100 1 _aSerpa, F.M.
110 1 _aUniversidade Estadual de Campinas, SP (Brasil). Faculdade de Engenharia Agrícola
_0Tese (Mestre em Engenharia Agrícola)
_910631
245 1 _aEstimativa de esforços em implementos de preparo de solos e adequação trator - implemento
260 3 _aCampinas, SP (Brasil):
_c1997.
300 _a92 p.
500 _aSummaries (Eng, Por); 17 ref.; 39 tables; 39 illus.
650 _aTRATOR
650 _aARADO
650 _aMAQUINA AGRÍCOLA
650 _aMANEJO DO SOLO
650 _aMODELO MATEMÁTICO
650 _aPROGRAMA DE COMPUTADOR
909 _a202309
_bLucia
_c55
_dLucia Elande
942 _cBK
999 _c68072
_d68072